Hawker aircraft since 1920 /

Bibliographic Details
Main Author: Mason, Francis K.
Format: Book
Language:English
Published: Annapolis, Md. : Naval Institute Press, 1991.
Edition:3rd rev. ed.
Subjects:

MARC

Tag First Indicator Second Indicator Subfields
LEADER 00000cam a2200000 a 4500
001 in00001098821
005 20150929203322.0
008 901115s1991 mdua 001 0 eng
010 |a  90063896  
019 |a 23999419 
020 |a 1557503516 
035 |a (OCoLC)23966998 
035 |9 AFT3249AM 
040 |a DLC  |c DLC  |d TXA  |d UtOrBLW 
043 |a e-uk--- 
049 |a TXAS [mil] 
050 0 0 |a TL686.H32  |b M3 1991 
082 0 0 |a 623.7/464/0941  |2 20 
100 1 |a Mason, Francis K. 
245 1 0 |a Hawker aircraft since 1920 /  |c Francis K. Mason. 
250 |a 3rd rev. ed. 
264 1 |a Annapolis, Md. :  |b Naval Institute Press,  |c 1991. 
300 |a xii, 657 pages :  |b illustrations ;  |c 23 cm. 
336 |a text  |b txt  |2 rdacontent 
337 |a unmediated  |b n  |2 rdamedia 
338 |a volume  |b nc  |2 rdacarrier 
500 |a Spine title: Hawker. 
500 |a Includes index. 
650 0 |a Hawker airplanes. 
610 2 0 |a Hawker (Firm) 
650 0 |a Airplanes  |x History. 
740 0 |a Hawker. 
999 |a MARS 
999 f f |s 6f9aa5ee-60c0-30f0-9883-89444f1f5c59  |i 9f8ec82f-4330-35e5-81d9-3b55e4464404  |t 0 
952 f f |p noncirc  |a Texas A&M University  |b College Station  |c Cushing Memorial Library & Archives  |d Cushing: Ragan Military (Does not check out)  |t 0  |e TL686.H32 M3 1991  |h Library of Congress classification  |i unmediated -- volume 
998 f f |a TL686.H32 M3 1991  |t 0  |l Cushing: Ragan Military (Does not check out)